L'église de la renaissance et de la réforme

Wedi'i Gadw mewn:
Manylion Llyfryddiaeth
Prif Awdur: Rops, Daniel (Awdur)
Fformat: Llyfr
Iaith:Ffrangeg
Cyhoeddwyd: París Arthème Fayard 1955
Cyfres:Histoire de l'église du Christ, 4
Pynciau:
Tagiau: Ychwanegu Tag
Dim Tagiau, Byddwch y cyntaf i dagio'r cofnod hwn!

MARC

LEADER 00000nam a2200000 a 4500
001 UCP4944
003 CL-VaPUC
008 990821e19550000FR |||||||||||||||||fre|d
082 0 4 |a 270.6  |b ROP  |2 21 
100 0 |a Rops, Daniel  |e author  |9 433018 
245 1 2 |a L'église de la renaissance et de la réforme 
300 |a 2 v 
942 |c BK 
945 |d 19990821 00:00:00  |a crobeson 
260 |a París  |b Arthème Fayard  |c 1955 
500 |a v.1: Une révolution religieuse: la réforme protestante 
500 |a v.2: Une ère de renoveau: la réforme catholique 
600 0 |a Calvino, Juan  |9 346728 
600 0 |a Lutero, Martín  |d 1483-1546  |9 859309 
650 7 |a HISTORIA ECLESIASTICA  |2 CL-VaPUC  |9 433019 
650 7 |a REFORMA  |2 CL-VaPUC  |9 319527 
650 0 |a Renacimiento  |9 255107 
650 7 |a CISMA  |2 CL-VaPUC  |9 399549 
650 0 |a Concilios  |9 315984 
650 0 |a Cristianismo  |9 257361 
650 0 |a Protestantismo  |9 317293 
583 |a last modification  |c 19990821 00:00:00  |k Rodrigo Vera 
490 0 |a Histoire de l'église du Christ, 4 
999 |c 282834  |d 282832 
952 |0 0  |1 0  |4 0  |6 270_600000000000000_ROP_1955  |7 0  |8 A  |9 325288  |a BIBHIS  |b BIBHIS  |d 2019-11-20  |h v.1  |i 1355708  |o 270.6 ROP 1955  |p 1355708  |r 2025-01-20  |w 2019-11-20  |y BK  |k HIS 
952 |0 0  |1 0  |4 0  |6 270_600000000000000_ROP_1955  |7 0  |8 A  |9 325289  |a BIBHIS  |b BIBHIS  |d 2019-11-20  |h v.2  |i 1355724  |o 270.6 ROP 1955  |p 1355724  |r 2025-01-20  |w 2019-11-20  |y BK  |k HIS 
952 |0 0  |1 0  |4 0  |6 270_600000000000000_ROP_1955  |7 0  |8 A  |9 325290  |a BIBHIS  |b BIBHIS  |d 2019-11-20  |h v.1  |i 1355740  |o 270.6 ROP 1955  |p 1355740  |r 2025-01-20  |w 2019-11-20  |y BK  |k HIS